| 000 | 00516nam a2200193Ia 4500 | ||
|---|---|---|---|
| 005 | 20140428100830.0 | ||
| 008 | 140130s9999 xx 000 0 und d | ||
| 020 | _a9780531207406 | ||
| 050 |
_aDA 86.22.D7 _b.N53 2009 |
||
| 100 |
_aNick, Charles _931244 |
||
| 245 |
_cCharles Nick. _aSir Francis Drake : _bslave trader and pirate / |
||
| 260 |
_bScholastic, _c2009. _aUSA : |
||
| 300 |
_a128 p. : _bill. ; _c19 cm. |
||
| 440 |
_v1 _931174 |
||
| 521 | _aG4 | ||
| 526 | _c960 | ||
| 942 |
_cBK _2lcc |
||
| 999 |
_c41310 _d41310 |
||